Tahriru Usuli'l-Hendese Ve'l-Hisab = (Record no. 45581)
| 000 -BAŞLIK | |
|---|---|
| Sabit Uzunluktaki Kontrol Alanı | 01581nam a22004217a 4500 |
| 001 - KONTROL NUMARASI | |
| Control Dosyası | 0045612 |
| 003 - KONTROL NUMARASI KİMLİĞİ | |
| Kontrol Alanı | KOHA_MİRAKIL |
| 005 - EN SON İŞLEM TARİHİ ve ZAMANI | |
| Kontrol Alanı | 20260207003451.0 |
| 007 - FİZİKSEL TANIM SABİT ALAN - GENEL BİLGİ | |
| Sabit uzunluklu kontrol alanı | ta |
| 008 - SABİT UZUNLUKTAKİ VERİ ÖGELERİ - GENEL BİLGİ | |
| Sabit Alan | 140205b2012 tu |||gr||||#||||0|ota | |
| 020 ## - ISBN - ULUSLARARASI STANDART KİTAP NUMARASI | |
| Isbn | 9789751736543 |
| Kullanılabilirlik koşulları | 18,59 |
| 040 ## - KATALOGLAMA KAYNAĞI | |
| Özgün Kataloglama Kurumu | TR-BiSEU |
| Kataloglama Dili | tur |
| Çeviri Kurumu | TR-BiSEU |
| Açıklama Kuralları | rda |
| 041 0# - DİL KODU | |
| Metin ya da ses kaydının dil kodu | ota |
| 044 ## - YAYINLAYAN/ÜRETEN KURULUŞUN ÜLKE KODU | |
| ISO country code | tu |
| 050 ## - SINIFLAMA ve YER NUMARASI | |
| Sınıflama Numarası | QA445 |
| Yer Numarası | .N37 2012 |
| 100 0# - KİŞİ ADI | |
| Yazar Adı (Kişi adı) | Nasiruddin Tusi. |
| 240 10 - TEK BİÇİM BAŞLIK | |
| Tekbiçim Başlık | <a href="Eukleides'in elemanlar kitabının tahriri">Eukleides'in elemanlar kitabının tahriri</a> |
| Language of a work | Osmanlıca |
| 245 1# - ESER ADI BİLDİRİMİ | |
| Başlık | Tahriru Usuli'l-Hendese Ve'l-Hisab = |
| Alt Eseradı vb. | Eukleides'in elemanlar kitabının tahriri/ |
| Sorumluluk Bildirimi | Nasiruddin Tusi ; Nasiruddin Tusi : Yayına hazırlayan İhsan Fazlıoğlu. |
| 246 ## - DEĞİŞİK BAŞLIK FORMU | |
| Başlık uygun / kısa başlık | İnceleme - tıpkıbasım |
| 264 #1 - ÜRERİM, YAYIN, DAĞITIM ve TELİF BİLDİRİMİ | |
| Yayın yeri | İstanbul : |
| Yayınlayan | Türkiye Yazma Eserler Kurumu Başkanlığı |
| Yayın tarihi | 2012 |
| 300 ## - FİZİKSEL TANIMLAMA | |
| Sayfa, Cilt vb. | 64, 148 sayfa; 25 cm. |
| 336 ## - İÇERİK TÜRÜ | |
| Content type term | metin |
| Content type code | txt |
| Source | rdacontent |
| 337 ## - MEDYA TÜRÜ | |
| Media type term | aracısız |
| Media type code | n |
| Source | rdamedia |
| 338 ## - TAŞIYICI TÜRÜ | |
| Carrier type term | cilt |
| Carrier type code | nc |
| Source | rdacarrier |
| 490 1# - DİZİ BİLDİRİMİ | |
| Dizi Bildirimi | Türkiye Yazma Eserler Kurumu Başkanlığı yayınları ; |
| Cilt Numarası | 2. |
| 490 1# - DİZİ BİLDİRİMİ | |
| Dizi Bildirimi | Tıpkı basım serisi ; |
| Cilt Numarası | 1. |
| 490 1# - DİZİ BİLDİRİMİ | |
| Dizi Bildirimi | Fatih kitaplığı serisi ; |
| Cilt Numarası | 1 |
| 500 ## - GENEL NOT | |
| Genel Not | Kaynakça ve dizin var. |
| 500 ## - GENEL NOT | |
| Genel Not | Arşiv kayıt: Millet Yazma Eser Kütüphanesi, Feyzullah Efendi Koleksiyonu, No : 1359. |
| 650 #0 - KONU BAŞLIĞI EK GİRİŞ - KONU TERİMİ | |
| Konusal terim veya coğrafi ad | Matematik. |
| 9 (RLIN) | 1486 |
| 650 #0 - KONU BAŞLIĞI EK GİRİŞ - KONU TERİMİ | |
| Konusal terim veya coğrafi ad | Eukleides. |
| 9 (RLIN) | 84030 |
| 650 #0 - KONU BAŞLIĞI EK GİRİŞ - KONU TERİMİ | |
| Konusal terim veya coğrafi ad | Geometri. |
| 9 (RLIN) | 1520 |
| 650 #0 - KONU BAŞLIĞI EK GİRİŞ - KONU TERİMİ | |
| Konusal terim veya coğrafi ad | Bilim tarihi. |
| 9 (RLIN) | 49559 |
| 830 1# - SERİ EK GİRİŞİ - TEKBİÇİM ESER ADI | |
| Tekbiçim Başlık | Türkiye Yazma Eserler Kurumu Başkanlığı yayınları ; |
| Volume number/sequential designation | 2. |
| 9 (RLIN) | 84004 |
| 830 1# - SERİ EK GİRİŞİ - TEKBİÇİM ESER ADI | |
| Tekbiçim Başlık | Tıpkı basım serisi ; |
| Volume number/sequential designation | 1. |
| 9 (RLIN) | 84028 |
| 830 1# - SERİ EK GİRİŞİ - TEKBİÇİM ESER ADI | |
| Tekbiçim Başlık | Fatih kitaplığı serisi ; |
| Volume number/sequential designation | 1 |
| 9 (RLIN) | 84031 |
| 856 40 - ELEKTRONİK YER ve ERİŞİM | |
| Kaynak Tanımlayıcı (URL) | <a href="http://www.ekitap.yek.gov.tr/Home/Show2?BOOK_NO=2">http://www.ekitap.yek.gov.tr/Home/Show2?BOOK_NO=2</a> |
| 942 ## - EK GİRİŞ ÖGELERİ (KOHA) | |
| Source of classification or shelving scheme | Library of Congress Classification |
| Koha item type | Book |
| Materyal Türü | Kalıcı Konum | Mevcut Konum | Raf Yeri | Sınıflandırma Kaynağı | Edinim Bilgisi | Ana Konular | Alt Konular | Yer Numarası | Demirbaş Numarası | Fatura Tarihi | Maliyet, Alış Fiyatı | Maliyet, Yenileme Fiyatı | Geri Çekilme Durumu | Kayıp Durumu | Hasarlı Durumu | Kredi için değil | Kayıt Tarih | Toplam Ödünçverme | Son Görülme Tarihi | Son Kontrol Tarihi | Genel / Bağış Notu |
|---|---|---|---|---|---|---|---|---|---|---|---|---|---|---|---|---|---|---|---|---|---|
| Book | Prof. Dr. Azmi Özcan Kütüphanesi | Prof. Dr. Azmi Özcan Kütüphanesi | Birûni Salonu | Library of Congress Classification | Bağış | BİLİM | Matematik | QA445 .N37 2012 | 0045612 | 02/02/2026 | 18.59 | 18.59 | 05/02/2014 | 05/12/2024 | 05/12/2024 | Türkiye Yazma Eserler Kurumu Başkanlığı |
